1 - 100 Speed type - Statistics

General Stats
  • This quiz has been taken 12,306 times
  • The average score is 71 of 100
Answer Stats
Answer % Correct
1
100%
2
99%
3
98%
4
98%
5
98%
6
97%
7
97%
8
97%
9
96%
10
92%
11
91%
12
91%
13
90%
15
90%
16
90%
14
89%
17
89%
18
89%
19
88%
21
88%
23
87%
20
86%
22
86%
24
86%
25
85%
26
85%
27
85%
28
84%
29
84%
30
83%
31
83%
32
83%
33
83%
34
83%
35
82%
36
81%
37
81%
38
81%
41
81%
39
80%
42
80%
40
79%
43
79%
44
79%
45
79%
46
78%
47
78%
48
77%
49
76%
50
75%
51
75%
52
75%
53
74%
54
74%
55
74%
56
74%
57
72%
58
71%
59
70%
60
69%
61
69%
62
68%
63
67%
66
67%
64
66%
65
66%
67
65%
68
63%
69
62%
70
61%
71
61%
72
60%
73
59%
74
58%
75
57%
77
57%
76
56%
78
55%
79
52%
80
52%
81
51%
82
51%
83
50%
84
49%
85
47%
88
47%
86
46%
87
46%
89
45%
90
44%
91
41%
92
41%
93
41%
94
40%
95
39%
99
39%
96
37%
97
37%
98
36%
100
35%
No matching quizzes found
Score Distribution
Percent of People with Each Score
Percentile by Number Answered
Your Score History
You have not taken this quiz